| 000 | 00653nam a2200193 a 4500 | ||
|---|---|---|---|
| 003 | PILC | ||
| 005 | 20160205144407.0 | ||
| 008 | 091116s19uu xx 00 eng d | ||
| 020 | _a9780415954525 | ||
| 050 |
_aBF 636.7 _b.C67C67 2009 |
||
| 245 |
_aCross Cultural Awareness and Social Justice in Counseling / _cedited by Cyrus Marcellus and Jon Carlson. |
||
| 260 |
_aNew York : _bRoutledge, _c2009. |
||
| 300 |
_a355 pages : _billustrations ; _c19 cm. |
||
| 500 | _aIncludes appendices and indexes. | ||
| 650 |
_aCross Cultural counseling _xUnited States. |
||
| 650 |
_aCounseling _xmethods _xUnited States. |
||
| 942 |
_cBK _2lcc _kFOR |
||
| 999 |
_c39595 _d39595 |
||